| 000 | 00377 a2200169 4500 | ||
|---|---|---|---|
| 001 | 70789 | ||
| 020 | _a8526003178 | ||
| 040 | _cAnchieta - Itaigara | ||
| 100 | _aCarrasco, Walcyr | ||
| 240 | 1 | 0 |
_aCadĂȘ meu super-heroi? _lpor |
| 245 | 1 | 0 | _aCadĂȘ meu super-heroi? |
| 300 | _a61 | ||
| 362 | 0 | _a2002 | |
| 440 | 1 | _aGlobal | |
| 650 | 4 | _aLiteratura infanto-juvenil | |
| 942 | _cBK | ||
| 999 |
_c70789 _d70789 |
||